000 00729cab a2200229 4500
001 WB3301-45
008 090401t1996 xxu||||| |||| 00| 0 eng d
035 _a(Sirsi) u13064
041 _aeng
245 _aPositive equity
260 _c1996
350 _a0
490 _aFinancial Times
_v14 December 1996, 2.3(2)
520 _aThe Bank of Scotland has launched a new shared appreciation mortgage (Sam). The bank will lend money at a fixed rate in return for a share in any increase in the value of your property.
650 _aBANK OF SCOTLAND
650 _aHOME REVERSION SCHEME
650 _aMORTGAGES
650 _aSHARED APPRECIATION MORTGAGE
690 _aHOUSING-FINANCE
942 _n0
948 _c04/03/1997
999 _c8396
_d8396